[Event "Hampshire Major"]
[Site "Fareham"]
[Date "2019.11.01"]
[Round "1.101"]
[White "Wilson, Matthew R"]
[Black "Belinger, John"]
[Result "1-0"]
[WhiteElo "1872"]
[BlackElo "1672"]
[PlyCount "125"]
[EventDate "2019.11.01"]
[EventType "swiss"]
[EventRounds "6"]
[EventCountry "ENG"]
[SourceVersionDate "2019.12.01"]

1. e4 c5 2. Nf3 Nc6 3. Bb5 g6 4. O-O Bg7 5. Re1 Nf6 6. e5 Nd5 7. Nc3 Nxc3 8. dxc3 O-O 9. Qd5 a6 10. Bxc6 dxc6 11. Qxc5 Qc7 12. Bf4 b6 13. Qe3 Be6 14. Ng5 Rad8 15. Rad1 c5 16. Bg3 Qc6 17. Nxe6 fxe6 18. b3 Qc7 19. Rxd8 Rxd8 20. c4 Rd7 21. h4 Qd8 22. Re2 Rd1+ 23. Kh2 Rd7 24. Qe4 Qc8 25. c3 Bh6 26. Qg4 Rd3 27. h5 Kf7 28. Bf4 Bxf4+ 29. Qxf4+ Kg7 30. h6+ Kg8 31. Re3 Rxe3 32. Qxe3 Qc6 33. Qd3 Qc7 34. Qe4 Kf7 35. g3 Qc8 36. g4 Kg8 37. Kg3 Kf7 38. Kh4 Kg8 39. f4 Kf7 40. Kg5 Kg8 41. f5 exf5 42. gxf5 gxf5 43. Qxf5 Qd8 44. Qe6+ Kh8 45. Qd5 Qf8 46. e6 Qf6+ 47. Kg4 Qg6+ 48. Kf3 Qxh6 49. Qd8+ Kg7 50. Qxe7+ Kh8 51. Qe8+ Kg7 52. Qf7+ Kh8 53. Qe8+ Kg7 54. Qf7+ Kh8 55. Ke4 Qh4+ 56. Kd5 Qh1+ 57. Kd6 Qh2+ 58. Kd7 Qd2+ 59. Ke8 h6 60. Qf6+ Kh7 61. Kf8 Qg2 62. Qf7+ Kh8 63. e7 1-0

[Event "Hampshire Major"]
[Site "Fareham"]
[Date "2019.11.01"]
[Round "1.102"]
[White "Stout, Nicholas"]
[Black "O'Gorman, Brendan"]
[Result "0-1"]
[WhiteElo "1688"]
[BlackElo "1832"]
[PlyCount "68"]
[EventDate "2019.11.01"]
[EventType "swiss"]
[EventRounds "6"]
[EventCountry "ENG"]
[SourceVersionDate "2019.12.01"]

1. d4 Nf6 2. Nf3 b6 3. Nbd2 Bb7 4. c3 e6 5. Qc2 Be7 6. e4 d6 7. Bd3 h6 8. O-O O-O 9. e5 dxe5 10. dxe5 Nd5 11. Be4 Nd7 12. a3 Rb8 13. c4 Nf4 14. Bxb7 Ne2+ 15. Kh1 Nxc1 16. Bc6 Nxe5 17. Nxe5 Qd6 18. Raxc1 Qxe5 19. Nf3 Qc5 20. Qe4 Bf6 21. b4 Qh5 22. Qc2 Rbd8 23. Rcd1 a5 24. Rxd8 Rxd8 25. Rd1 Rxd1+ 26. Qxd1 axb4 27. axb4 Be7 28. b5 Bd6 29. Qd4 Bc5 30. Qd8+ Kh7 31. Qe8 Qf5 32. Nd2 Qxf2 33. Be4+ f5 34. Bxf5+ exf5 0-1

[Event "Hampshire Major"]
[Site "Fareham"]
[Date "2019.11.01"]
[Round "1.103"]
[White "Holmes, David J"]
[Black "Wood, Peter C"]
[Result "1-0"]
[WhiteElo "1824"]
[BlackElo "1656"]
[PlyCount "71"]
[EventDate "2019.11.01"]
[EventType "swiss"]
[EventRounds "6"]
[EventCountry "ENG"]
[SourceVersionDate "2019.12.01"]

1. e4 e6 2. d4 d5 3. Be3 dxe4 4. Nd2 Nd7 5. f3 c5 6. c3 cxd4 7. cxd4 Ngf6 8. fxe4 Bb4 9. e5 Ne4 10. Ngf3 Nxd2 11. Bxd2 Bxd2+ 12. Qxd2 Nb6 13. Bd3 Bd7 14. O-O O-O 15. Ng5 g6 16. Ne4 Bc6 17. Nf6+ Kg7 18. Rf4 Nd5 19. Rh4 h5 20. Rf1 Rh8 21. Qg5 Nxf6 22. exf6+ Kf8 23. Bxg6 fxg6 24. Qxg6 Rg8 25. Qh6+ Kf7 26. Qxh5+ Kf8 27. Qh6+ Kf7 28. Qh7+ Kf8 29. Qh6+ Kf7 30. Qh5+ Kf8 31. Qc5+ Ke8 32. f7+ Kd7 33. fxg8=Q Qxg8 34. g3 Qg7 35. Rhf4 b6 36. Rf7+ 1-0

[Event "Hampshire Major"]
[Site "Fareham"]
[Date "2019.11.01"]
[Round "1.104"]
[White "Sellen, John R"]
[Black "Cheung, Ryan"]
[Result "0-1"]
[WhiteElo "1616"]
[BlackElo "1776"]
[PlyCount "104"]
[EventDate "2019.11.01"]
[EventType "swiss"]
[EventRounds "6"]
[EventCountry "ENG"]
[SourceVersionDate "2019.12.01"]

1. f4 d5 2. Nf3 c5 3. e3 Nf6 4. d4 Nc6 5. c3 g6 6. Bd3 Bg7 7. Nbd2 O-O 8. O-O b6 9. Qe1 a5 10. Ne5 Qc7 11. Ndf3 Ba6 12. Bxa6 Rxa6 13. Qe2 Raa8 14. a4 Ne4 15. Bd2 f6 16. Nxc6 Qxc6 17. Be1 Rfb8 18. c4 cxd4 19. Nxd4 Qxc4 20. Qxc4 dxc4 21. Nb5 Rd8 22. Nd4 Kf7 23. Rc1 Rac8 24. Bc3 Nc5 25. Ra1 f5 26. Rfd1 Nb3 27. Rab1 Nc5 28. Ra1 Bf6 29. g3 Nd3 30. Rab1 e5 31. fxe5 Bxe5 32. Kf1 Bxd4 33. Bxd4 Nc5 34. Ra1 Ke7 35. Ke2 Rd7 36. Kf3 Rc6 37. Bxc5+ Rxc5 38. Rxd7+ Kxd7 39. Rd1+ Ke7 40. Rd4 c3 41. bxc3 Rxc3 42. Rh4 h5 43. Rd4 Ke6 44. Kf4 Rc6 45. h4 Kf6 46. e4 fxe4 47. Rxe4 Re6 48. Rc4 Rd6 49. Re4 Rd1 50. Re3 Rd4+ 51. Re4 Rxe4+ 52. Kxe4 Ke6 0-1

[Event "Hampshire Major"]
[Site "Fareham"]
[Date "2019.11.01"]
[Round "1.105"]
[White "Moore, Gillian A"]
[Black "Hamilton, Melissa"]
[Result "0-1"]
[WhiteElo "1752"]
[BlackElo "1592"]
[PlyCount "80"]
[EventDate "2019.11.01"]
[EventType "swiss"]
[EventRounds "6"]
[EventCountry "ENG"]
[SourceVersionDate "2019.12.01"]

1. d4 d5 2. Nc3 Nf6 3. Bf4 Bd7 4. e3 e6 5. Bd3 c5 6. dxc5 Bxc5 7. Nge2 O-O 8. Ng3 Bc6 9. a3 a5 10. O-O Nbd7 11. Nh5 Qb6 12. Nxf6+ Nxf6 13. Rb1 d4 14. exd4 Bxd4 15. Ne2 Bc5 16. Ng3 Rad8 17. Qe2 Bd6 18. Bd2 Qd4 19. Bg5 Qd5 20. f4 Qd4+ 21. Kh1 Be7 22. Rfd1 Qb6 23. c4 Rfe8 24. f5 h6 25. Bxf6 Bxf6 26. fxe6 Rxe6 27. Qg4 Qf2 28. Ne4 Bxe4 29. Bxe4 Rxd1+ 30. Rxd1 Qe3 31. Bd3 Qe1+ 32. Bf1 Qf2 33. h3 Qxb2 34. a4 Qb4 35. Qf3 Qxa4 36. Qxb7 Qxd1 37. Qf3 Re1 38. Qa8+ Bd8 39. Kh2 Rxf1 40. Qe4 Bc7+ 0-1

[Event "Hampshire Major"]
[Site "Fareham"]
[Date "2019.11.01"]
[Round "1.106"]
[White "Shek, Daniel"]
[Black "Piecha, Lukasz"]
[Result "1-0"]
[WhiteElo "1576"]
[BlackElo "1728"]
[PlyCount "125"]
[EventDate "2019.11.01"]
[EventType "swiss"]
[EventRounds "6"]
[EventCountry "ENG"]
[SourceVersionDate "2019.12.01"]

1. d4 g6 2. c4 Bg7 3. Nc3 Nf6 4. e4 d6 5. Nf3 O-O 6. Be3 Nbd7 7. h3 h6 8. Qd2 Kh7 9. Bd3 e5 10. d5 Nc5 11. b4 Nxd3+ 12. Qxd3 Nh5 13. O-O f5 14. c5 fxe4 15. Nxe4 Bxh3 16. Nfg5+ hxg5 17. Nxg5+ Kh8 18. Qxg6 Nf6 19. gxh3 Qe8 20. Qxe8 Raxe8 21. cxd6 cxd6 22. Bxa7 Nxd5 23. Rad1 Nxb4 24. Rxd6 Rf6 25. Rxf6 Bxf6 26. Rb1 Nc6 27. Nf7+ Kg7 28. Rxb7 Kg6 29. Bc5 Na5 30. Ra7 Nc6 31. Rc7 Nd4 32. Nd6 Ra8 33. Ra7 Rh8 34. Bxd4 exd4 35. Ne4 Be5 36. Ra5 Kf5 37. Ng3+ Kf4 38. Ne2+ Ke4 39. f3+ Kxf3 40. Rxe5 d3 41. Nc3 Rc8 42. Rf5+ Kg3 43. Ne4+ Kxh3 44. Rf3+ Kg4 45. Rxd3 Rc1+ 46. Kf2 Kf4 47. Nd2 Rc2 48. a3 Ra2 49. Ke2 Ke5 50. Kd1 Ra1+ 51. Kc2 Rh1 52. Kb3 Rh8 53. Nc4+ Ke4 54. Rd6 Rh3+ 55. Kb4 Rh8 56. a4 Rb8+ 57. Rb6 Rh8 58. a5 Rh1 59. a6 Rb1+ 60. Kc5 Ra1 61. Kc6 Rc1 62. Kb7 Rxc4 63. a7 1-0

[Event "Hampshire Major"]
[Site "Fareham"]
[Date "2019.11.01"]
[Round "1.107"]
[White "Dallas, Peter"]
[Black "Torrance, John"]
[Result "0-1"]
[WhiteElo "1720"]
[BlackElo "1520"]
[PlyCount "102"]
[EventDate "2019.11.01"]
[EventType "swiss"]
[EventRounds "6"]
[EventCountry "ENG"]
[SourceVersionDate "2019.12.01"]

1. Nf3 Nf6 2. d3 d6 3. e4 e5 4. Nbd2 g6 5. g3 Bg7 6. Bg2 O-O 7. Nc4 Nbd7 8. Bg5 h6 9. Bd2 Qe7 10. Qc1 Kh7 11. h4 c6 12. Ne3 Nc5 13. b4 Ne6 14. c3 Nc7 15. Nh2 a5 16. bxa5 Rxa5 17. g4 Be6 18. c4 Ra7 19. g5 Nd7 20. Nhg4 h5 21. Nh6 Rfa8 22. a3 Nc5 23. Qc2 Rxa3 24. Rxa3 Rxa3 25. O-O Rxd3 26. Nhf5 gxf5 27. exf5 Bd7 28. Qc1 Kg8 29. Qc2 Qd8 30. Bf3 Rd4 31. Ng2 e4 32. Bxh5 Bxf5 33. Be3 Rd3 34. Nf4 Rc3 35. Qa2 N7a6 36. Rd1 Nd3 37. c5 d5 38. Ne2 Ndb4 39. Qb1 Rc2 40. Nd4 Bxd4 41. Bxd4 Qd7 42. Qa1 Ra2 43. Qc3 Rc2 44. Qg3 Qe6 45. g6 fxg6 46. Qg5 Kf7 47. Kh1 e3 48. f3 e2 49. Re1 Nd3 50. Qg1 Nxe1 51. Qxe1 gxh5 0-1

[Event "Hampshire Major"]
[Site "Fareham"]
[Date "2019.11.01"]
[Round "1.108"]
[White "Deacon, Matthew"]
[Black "Smith, David W"]
[Result "1/2-1/2"]
[WhiteElo "1488"]
[BlackElo "1704"]
[PlyCount "120"]
[EventDate "2019.11.01"]
[EventType "swiss"]
[EventRounds "6"]
[EventCountry "ENG"]
[SourceVersionDate "2019.12.01"]

1. d4 Nf6 2. c4 g6 3. Nc3 Bg7 4. e4 d6 5. f4 O-O 6. Nf3 c5 7. d5 e6 8. dxe6 Bxe6 9. Bd3 Bg4 10. O-O Nc6 11. Be3 Re8 12. Qd2 Bxf3 13. Rxf3 Ng4 14. Nd5 Nxe3 15. Nxe3 Nd4 16. Rff1 Nc6 17. Rad1 Qb6 18. b3 Qb4 19. Nd5 Qxd2 20. Rxd2 Rac8 21. Kh1 Ne7 22. Ne3 Nc6 23. Re2 Nd4 24. Ree1 a6 25. f5 b5 26. fxg6 hxg6 27. Ng4 Re6 28. cxb5 axb5 29. a4 bxa4 30. bxa4 c4 31. Bb1 Ra8 32. Ne3 Rxa4 33. Rc1 Ne2 34. Rxc4 Rxc4 35. Nxc4 Nc3 36. Bc2 Nxe4 37. Bxe4 Rxe4 38. Nxd6 Re7 39. g3 f5 40. h3 Be5 41. Nxf5 gxf5 42. Rxf5 Bd4 43. Rg5+ Kf7 44. Kg2 Kf6 45. h4 Be3 46. Rg8 Kf7 47. Rg4 Re6 48. Kf3 Bh6 49. Re4 Rf6+ 50. Kg4 Kg6 51. Re7 Rf7 52. Rxf7 Kxf7 53. Kh5 Kg7 54. g4 Bd2 55. g5 Kh7 56. Kg4 Kg6 57. h5+ Kh7 58. g6+ Kg7 59. Kf5 Bc1 60. Ke6 Bd2 1/2-1/2

[Event "Hampshire Major"]
[Site "Fareham"]
[Date "2019.11.01"]
[Round "1.109"]
[White "Agostinelli, David R"]
[Black "Webb, John"]
[Result "0-1"]
[WhiteElo "1696"]
[BlackElo "1488"]
[PlyCount "116"]
[EventDate "2019.11.01"]
[EventType "swiss"]
[EventRounds "6"]
[EventCountry "ENG"]
[SourceVersionDate "2019.12.01"]

1. c4 Nf6 2. Nc3 g6 3. d4 Bg7 4. Nf3 O-O 5. Bg5 d6 6. e3 b6 7. Be2 Bb7 8. Qc2 Nbd7 9. b4 c5 10. bxc5 bxc5 11. d5 Nb6 12. Rb1 Nfd7 13. O-O Ne5 14. Nxe5 Bxe5 15. Bh6 Re8 16. f4 Bf6 17. Ne4 Bg7 18. Bxg7 Kxg7 19. f5 Bc8 20. fxg6 hxg6 21. Qc3+ f6 22. Ng5 e5 23. dxe6 Bxe6 24. Nxe6+ Rxe6 25. e4 Qe7 26. Bf3 Re5 27. Rbd1 Rd8 28. Rd2 Nd7 29. Rfd1 Nf8 30. Rd5 Ne6 31. Rxe5 dxe5 32. Rxd8 Qxd8 33. Qa3 Qd4+ 34. Kf1 Qxc4+ 35. Be2 Qxe4 36. Qxa7+ Kh6 37. Qa6 Nd4 38. Qd3 Qxd3 39. Bxd3 Nc6 40. a4 Kg5 41. Kf2 f5 42. Bb5 Na5 43. Ke3 Kf6 44. Kd3 e4+ 45. Ke3 Ke5 46. g3 g5 47. h3 f4+ 48. gxf4+ gxf4+ 49. Ke2 Kf5 50. Bd7+ Kg5 51. Be6 c4 52. Bd5 e3 53. Kd1 Kh4 54. Bg2 Kg3 55. Bf1 f3 56. Ke1 c3 57. Kd1 Kf2 58. Bd3 e2+ 0-1

[Event "Hampshire Major"]
[Site "Fareham"]
[Date "2019.11.01"]
[Round "1.111"]
[White "Pinto, Phil B"]
[Black "Crosswell, Neil"]
[Result "1-0"]
[WhiteElo "1696"]
[BlackElo "1552"]
[PlyCount "75"]
[EventDate "2019.11.01"]
[EventType "swiss"]
[EventRounds "6"]
[EventCountry "ENG"]
[SourceVersionDate "2019.12.01"]

1. e4 d6 2. d4 Nf6 3. Nd2 g6 4. f4 Bg7 5. Ngf3 O-O 6. Bd3 Nbd7 7. c4 c5 8. d5 Rb8 9. O-O a6 10. a4 Nb6 11. e5 dxe5 12. fxe5 Ng4 13. Qe2 Qd7 14. a5 Na8 15. Nb3 b6 16. Bf4 e6 17. d6 f6 18. Kh1 Bb7 19. exf6 Bxf3 20. Rxf3 Nxf6 21. axb6 e5 22. Nxc5 Qc6 23. Qxe5 Nh5 24. Qd5+ Qxd5 25. cxd5 Nxf4 26. Nd7 Nxb6 27. Nxb8 Nbxd5 28. Nxa6 Ra8 29. Ra3 Bxb2 30. Ra4 Be5 31. d7 Rd8 32. Nc5 Bd6 33. Bc4 Bxc5 34. Rxf4 Rxd7 35. Ra5 Be3 36. Re4 Bd2 37. Rxd5 Ra7 38. Ra5+ 1-0

[Event "Hampshire Major"]
[Site "Fareham"]
[Date "2019.11.02"]
[Round "2.101"]
[White "Hamilton, Melissa"]
[Black "Wilson, Matthew R"]
[Result "0-1"]
[WhiteElo "1592"]
[BlackElo "1872"]
[PlyCount "32"]
[EventDate "2019.11.01"]
[EventType "swiss"]
[EventRounds "6"]
[EventCountry "ENG"]
[SourceVersionDate "2019.12.01"]

1. d4 d5 2. c4 e6 3. Nc3 Nf6 4. Nf3 Be7 5. e3 O-O 6. c5 b6 7. b4 a5 8. bxa5 bxc5 9. Rb1 cxd4 10. exd4 c5 11. dxc5 Bxc5 12. Rb5 Nbd7 13. Na4 Ba6 14. Rb3 Qxa5+ 15. Nc3 Ne4 16. Bd2 Bxf2# 0-1

[Event "Hampshire Major"]
[Site "Fareham"]
[Date "2019.11.02"]
[Round "2.102"]
[White "O'Gorman, Brendan"]
[Black "Smith, Chris"]
[Result "1-0"]
[WhiteElo "1832"]
[BlackElo "1608"]
[PlyCount "55"]
[EventDate "2019.11.01"]
[EventType "swiss"]
[EventRounds "6"]
[EventCountry "ENG"]
[SourceVersionDate "2019.12.01"]

1. Nf3 c5 2. c4 g6 3. d4 cxd4 4. Nxd4 Bg7 5. e4 Nc6 6. Be3 a6 7. Nc3 Nf6 8. Be2 O-O 9. O-O e5 10. Nc2 d6 11. Qd2 Qc7 12. f3 Be6 13. Rac1 Ne7 14. Nd5 Bxd5 15. cxd5 Qd7 16. Na3 Rfc8 17. Nc4 Qd8 18. Nb6 Rxc1 19. Rxc1 Rb8 20. Qc3 Nd7 21. Nxd7 Rc8 22. Nc5 dxc5 23. Qb3 Rb8 24. Bxc5 Bf8 25. Bb6 Qe8 26. Bc7 Bh6 27. Rd1 Ra8 28. Bxe5 1-0

[Event "Hampshire Major"]
[Site "Fareham"]
[Date "2019.11.02"]
[Round "2.103"]
[White "Torrance, John"]
[Black "Holmes, David J"]
[Result "1/2-1/2"]
[WhiteElo "1520"]
[BlackElo "1824"]
[PlyCount "31"]
[EventDate "2019.11.01"]
[EventType "swiss"]
[EventRounds "6"]
[EventCountry "ENG"]
[SourceVersionDate "2019.12.01"]

1. d4 Nf6 2. Bg5 Ne4 3. Bf4 d5 4. e3 e6 5. Nd2 Nd7 6. Nxe4 dxe4 7. Bc4 Nf6 8. c3 h6 9. h3 Bd6 10. Bxd6 Qxd6 11. Ne2 O-O 12. O-O Bd7 13. Ng3 Bc6 14. Qe2 a6 15. a4 Rfd8 16. Rfd1 1/2-1/2

[Event "Hampshire Major"]
[Site "Fareham"]
[Date "2019.11.02"]
[Round "2.104"]
[White "Cheung, Ryan"]
[Black "Shek, Daniel"]
[Result "1-0"]
[WhiteElo "1776"]
[BlackElo "1576"]
[PlyCount "49"]
[EventDate "2019.11.01"]
[EventType "swiss"]
[EventRounds "6"]
[EventCountry "ENG"]
[SourceVersionDate "2019.12.01"]

1. d4 Nf6 2. c4 g6 3. Nc3 d5 4. cxd5 Nxd5 5. e4 Nxc3 6. bxc3 Bg7 7. Bg5 O-O 8. Rc1 c5 9. d5 a6 10. Nf3 Bg4 11. Be2 b5 12. O-O Qd6 13. Qd2 Be5 14. Nxe5 Bxe2 15. Qxe2 Qxe5 16. f4 Qc7 17. e5 Ra7 18. Qe4 c4 19. Qd4 Rd8 20. d6 Qb7 21. Bxe7 Rd7 22. Bf6 Nc6 23. Qe3 b4 24. f5 bxc3 25. Qh6 1-0

[Event "Hampshire Major"]
[Site "Fareham"]
[Date "2019.11.02"]
[Round "2.105"]
[White "Evans, Thomas"]
[Black "Webb, John"]
[Result "1-0"]
[WhiteElo "1696"]
[BlackElo "1488"]
[PlyCount "43"]
[EventDate "2019.11.01"]
[EventType "swiss"]
[EventRounds "6"]
[EventCountry "ENG"]
[SourceVersionDate "2019.12.01"]

1. e4 Nf6 2. e5 Nd5 3. c4 Nb6 4. d4 d6 5. Nf3 dxe5 6. Nxe5 g6 7. Be3 Bg7 8. Nc3 O-O 9. Qd2 Be6 10. b3 c6 11. Rd1 N8d7 12. Nxd7 Bxd7 13. Bh6 Qc7 14. Bxg7 Kxg7 15. Be2 Rad8 16. h4 e5 17. h5 exd4 18. hxg6 hxg6 19. Qh6+ Kf6 20. Ne4+ Ke7 21. Qg5+ f6 22. Rh7+ 1-0

[Event "Hampshire Major"]
[Site "Fareham"]
[Date "2019.11.02"]
[Round "2.106"]
[White "Smith, David W"]
[Black "Moore, Gillian A"]
[Result "0-1"]
[WhiteElo "1704"]
[BlackElo "1752"]
[PlyCount "132"]
[EventDate "2019.11.01"]
[EventType "swiss"]
[EventRounds "6"]
[EventCountry "ENG"]
[SourceVersionDate "2019.12.01"]

1. e4 c6 2. d4 d5 3. e5 Bf5 4. h4 h5 5. Bd3 Bxd3 6. Qxd3 e6 7. Bg5 Qc7 8. Nf3 Nd7 9. c4 dxc4 10. Qxc4 Nb6 11. Qc2 Ne7 12. O-O O-O-O 13. Nbd2 Rd7 14. a4 Nbd5 15. Ne4 Nf5 16. Nc5 Bxc5 17. Qxc5 Qb6 18. Qxb6 Nxb6 19. Rfd1 Nd5 20. g3 g6 21. Bd2 Rhd8 22. b4 Nde7 23. Bc3 Nd5 24. Bd2 Nc7 25. Bc3 a6 26. Kf1 Rd5 27. Ke2 Kd7 28. Rd3 Ke7 29. Rad1 R5d7 30. Nh2 Na8 31. Nf1 Nb6 32. a5 Na8 33. Ne3 Nxe3 34. Kxe3 Nc7 35. f4 f5 36. Ke2 Nd5 37. Be1 Rb8 38. Rc1 Rc7 39. Kf3 Kd7 40. Bd2 Ra8 41. Rb3 Rcc8 42. Rd3 Rcb8 43. Rc4 b6 44. Rc2 bxa5 45. bxa5 Rb5 46. Rc5 Rxc5 47. dxc5 Rb8 48. Be3 Rb5 49. Bd2 Rxc5 50. Rb3 Rb5 51. Rxb5 cxb5 52. Ke2 Kc6 53. Kd3 Kc5 54. Be1 b4 55. Bf2+ Kb5 56. Kd4 b3 57. Kd3 Kxa5 58. Bd4 Kb4 59. Bb2 a5 60. Kd2 a4 61. Bd4 a3 62. Kc1 Kc4 63. Ba7 Nb4 64. Bb8 Nc2 65. Bd6 a2 66. Kb2 a1=Q# 0-1

[Event "Hampshire Major"]
[Site "Fareham"]
[Date "2019.11.02"]
[Round "2.107"]
[White "Piecha, Lukasz"]
[Black "Deacon, Matthew"]
[Result "1-0"]
[WhiteElo "1728"]
[BlackElo "1488"]
[PlyCount "77"]
[EventDate "2019.11.01"]
[EventType "swiss"]
[EventRounds "6"]
[EventCountry "ENG"]
[SourceVersionDate "2019.12.01"]

1. d4 d5 2. Nc3 e6 3. Bf4 c5 4. e3 Nf6 5. Nf3 cxd4 6. exd4 Bb4 7. Bd3 O-O 8. O-O Bxc3 9. bxc3 a6 10. c4 Bd7 11. Ne5 Nc6 12. Nxd7 Qxd7 13. Rb1 dxc4 14. Bxc4 b5 15. Bd3 Qxd4 16. Be3 Qd7 17. Qe2 Ne5 18. Bc5 Rfc8 19. Qxe5 Qc6 20. Bd4 Qd5 21. Qxd5 Nxd5 22. Be4 Rd8 23. a4 Rab8 24. axb5 axb5 25. Be5 Rb6 26. Rfd1 Rc8 27. Bxd5 exd5 28. Rxd5 f6 29. Bd4 Rb7 30. Rc5 Rd8 31. Be3 Kf7 32. Kf1 b4 33. Rc4 b3 34. cxb3 Kg6 35. b4 Rd5 36. Rc5 Rd3 37. b5 Ra3 38. b6 Ra6 39. Rc7 1-0

[Event "Hampshire Major"]
[Site "Fareham"]
[Date "2019.11.02"]
[Round "2.108"]
[White "Wood, Peter C"]
[Black "Agostinelli, David R"]
[Result "0-1"]
[WhiteElo "1656"]
[BlackElo "1696"]
[PlyCount "88"]
[EventDate "2019.11.01"]
[EventType "swiss"]
[EventRounds "6"]
[EventCountry "ENG"]
[SourceVersionDate "2019.12.01"]

1. Nf3 d5 2. d4 g6 3. c4 Bg7 4. Nc3 Nf6 5. e3 O-O 6. Qb3 c6 7. Be2 Qb6 8. O-O Qxb3 9. axb3 Bg4 10. Bd2 Bxf3 11. Bxf3 e6 12. e4 dxe4 13. Nxe4 Nxe4 14. Bxe4 Bxd4 15. Bc3 Bxc3 16. bxc3 Nd7 17. Rfd1 Nf6 18. Bf3 a6 19. Rd2 Rfd8 20. Rad1 Rxd2 21. Rxd2 Kf8 22. c5 Ke7 23. c4 Rd8 24. Rxd8 Kxd8 25. Kf1 a5 26. Ke2 Nd7 27. Ke3 Nxc5 28. Bd1 Ke7 29. Kd4 Kd6 30. f4 f6 31. Bc2 b5 32. cxb5 cxb5 33. Bd1 e5+ 34. fxe5+ fxe5+ 35. Ke3 a4 36. bxa4 bxa4 37. Bc2 a3 38. Bb1 Na4 39. Kd3 e4+ 40. Kd2 Ke5 41. Ba2 Kd4 42. Bb3 Nc3 43. Kc1 a2 44. Kb2 e3 0-1

[Event "Hampshire Major"]
[Site "Fareham"]
[Date "2019.11.02"]
[Round "2.109"]
[White "Crosswell, Neil"]
[Black "Stout, Nicholas"]
[Result "0-1"]
[WhiteElo "1552"]
[BlackElo "1688"]
[PlyCount "74"]
[EventDate "2019.11.01"]
[EventType "swiss"]
[EventRounds "6"]
[EventCountry "ENG"]
[SourceVersionDate "2019.12.01"]

1. d4 d5 2. c4 e6 3. Nc3 c5 4. e3 Nf6 5. Nf3 Nc6 6. Bd3 a6 7. a4 Bd6 8. O-O O-O 9. h3 Nb4 10. Ne5 Qc7 11. f4 Nxd3 12. Qxd3 cxd4 13. exd4 b6 14. Be3 Bb7 15. Rac1 dxc4 16. Nxc4 Rac8 17. Ne5 Qe7 18. Nc4 Bc7 19. f5 Rfd8 20. Bf4 Bxf4 21. Rxf4 Qc7 22. Ne5 Nd7 23. Qe3 Nxe5 24. dxe5 Qc6 25. Qg3 Qc5+ 26. Kh1 Qxe5 27. Re1 Qc7 28. f6 g6 29. Qg5 Rd2 30. Ne2 Qd6 31. b4 Rcc2 32. Qh6 Qf8 33. Qxf8+ Kxf8 34. Rf2 Bd5 35. Kg1 Bc4 36. Kf1 Rb2 37. g4 Ke8 0-1

[Event "Hampshire Major"]
[Site "Fareham"]
[Date "2019.11.02"]
[Round "2.110"]
[White "Belinger, John"]
[Black "Sellen, John R"]
[Result "1/2-1/2"]
[WhiteElo "1672"]
[BlackElo "1616"]
[PlyCount "56"]
[EventDate "2019.11.01"]
[EventType "swiss"]
[EventRounds "6"]
[EventCountry "ENG"]
[SourceVersionDate "2019.12.01"]

1. e4 c5 2. d4 cxd4 3. c3 dxc3 4. Nxc3 Nc6 5. Nf3 e6 6. Bc4 a6 7. O-O b5 8. Bb3 Bb7 9. e5 d5 10. exd6 Qxd6 11. Qe2 Nf6 12. Rd1 Qc7 13. Bg5 Be7 14. Rac1 Rd8 15. a3 Rxd1+ 16. Qxd1 O-O 17. Qe2 Rd8 18. Bh4 Qf4 19. Rd1 Nd4 20. Rxd4 Rxd4 21. Nxd4 Qxh4 22. Nf5 Qg5 23. Nxe7+ Kf8 24. f3 Qc5+ 25. Kf1 Qxe7 26. Qd3 Qd7 27. Qe2 Bd5 28. Nxd5 Nxd5 1/2-1/2

[Event "Hampshire Major"]
[Site "Fareham"]
[Date "2019.11.02"]
[Round "3.101"]
[White "Wilson, Matthew R"]
[Black "Cheung, Ryan"]
[Result "1-0"]
[WhiteElo "1872"]
[BlackElo "1776"]
[PlyCount "63"]
[EventDate "2019.11.01"]
[EventType "swiss"]
[EventRounds "6"]
[EventCountry "ENG"]
[SourceVersionDate "2019.12.01"]

1. e4 e5 2. Nf3 Nc6 3. Bc4 Bc5 4. c3 Nf6 5. d3 d6 6. Bb3 Bb6 7. Nbd2 Ne7 8. Nc4 Be6 9. O-O Ng6 10. Ba4+ c6 11. Nxb6 axb6 12. Ng5 O-O 13. Nxe6 fxe6 14. Bc2 Qe8 15. d4 exd4 16. Qxd4 e5 17. Qxd6 Rd8 18. Qb4 Nh4 19. Qc4+ Kh8 20. Qe2 Qg6 21. f3 Nh5 22. Kh1 Nf4 23. Bxf4 exf4 24. Rad1 Rde8 25. Qf2 Qg5 26. Rd6 Rd8 27. Rfd1 Rxd6 28. Rxd6 Rd8 29. e5 Kg8 30. Qd2 Re8 31. e6 Qe5 32. Rd8 1-0

[Event "Hampshire Major"]
[Site "Fareham"]
[Date "2019.11.02"]
[Round "3.102"]
[White "Evans, Thomas"]
[Black "O'Gorman, Brendan"]
[Result "1/2-1/2"]
[WhiteElo "1696"]
[BlackElo "1832"]
[PlyCount "38"]
[EventDate "2019.11.01"]
[EventType "swiss"]
[EventRounds "6"]
[EventCountry "ENG"]
[SourceVersionDate "2019.12.01"]

1. e4 c5 2. Nf3 a6 3. d4 cxd4 4. Nxd4 Nf6 5. Nc3 e5 6. Nb3 Bb4 7. Qf3 d5 8. exd5 Qxd5 9. Qxd5 Nxd5 10. Bd2 Nxc3 11. bxc3 Be7 12. Bd3 O-O 13. O-O Be6 14. f4 exf4 15. Bxf4 Nc6 16. Be3 Ne5 17. Be4 Nc6 18. Nc5 Bxc5 19. Bxc5 Rfd8 1/2-1/2

[Event "Hampshire Major"]
[Site "Fareham"]
[Date "2019.11.02"]
[Round "3.103"]
[White "Holmes, David J"]
[Black "Pinto, Phil B"]
[Result "1-0"]
[WhiteElo "1824"]
[BlackElo "1696"]
[PlyCount "53"]
[EventDate "2019.11.01"]
[EventType "swiss"]
[EventRounds "6"]
[EventCountry "ENG"]
[SourceVersionDate "2019.12.01"]

1. e4 d6 2. d4 Nf6 3. Nc3 g6 4. f4 Bg7 5. e5 dxe5 6. dxe5 Qxd1+ 7. Kxd1 Bg4+ 8. Ke1 Nfd7 9. Nd5 Kd8 10. Bc4 Be6 11. Nf3 b5 12. Bb3 c6 13. Nc3 Bxb3 14. axb3 a5 15. Be3 Kc7 16. Ng5 h6 17. Nf3 Nb6 18. Kf2 N8d7 19. Rhd1 Rhc8 20. g3 Bf8 21. h3 b4 22. Ne2 Nd5 23. Ned4 Nxe3 24. Kxe3 e6 25. Nd2 Nb6 26. Ne4 Nd5+ 27. Kf3 {... remaining moves were not recorded by both players. 1-0, 40 moves.} 1-0

[Event "Hampshire Major"]
[Site "Fareham"]
[Date "2019.11.02"]
[Round "3.104"]
[White "Agostinelli, David R"]
[Black "Torrance, John"]
[Result "0-1"]
[WhiteElo "1696"]
[BlackElo "1520"]
[PlyCount "120"]
[EventDate "2019.11.01"]
[EventType "swiss"]
[EventRounds "6"]
[EventCountry "ENG"]
[SourceVersionDate "2019.12.01"]

1. c4 f5 2. Nc3 Nf6 3. Nf3 d6 4. d4 c6 5. g3 Qc7 6. Bg2 e5 7. dxe5 dxe5 8. O-O Be7 9. e4 O-O 10. exf5 Bxf5 11. Qe2 Nbd7 12. Re1 Bd6 13. Nh4 Bg4 14. f3 Bc5+ 15. Be3 Bxe3+ 16. Qxe3 Be6 17. b3 Rfe8 18. Rad1 a5 19. Rd2 a4 20. Nxa4 Bxc4 21. bxc4 Rxa4 22. c5 Nd5 23. Qg5 Qd8 24. Qxd8 Rxd8 25. f4 e4 26. Rxe4 Rxe4 27. Bxe4 Nxc5 28. Bc2 Re8 29. Nf3 Nd7 30. Bb3 N7b6 31. Ne5 Kf8 32. Bxd5 Nxd5 33. Rb2 Re7 34. h4 Ke8 35. Kf2 Kd8 36. Kf3 Kc8 37. g4 Rc7 38. Nc4 Rd7 39. Re2 Kd8 40. Ne5 Re7 41. Rb2 Kc7 42. Rb3 Kd6 43. Nc4+ Kc7 44. a4 Re8 45. a5 Ra8 46. f5 Re8 47. g5 Re1 48. Kg4 Re4+ 49. Kh5 Rxc4 50. f6 gxf6 51. gxf6 Nxf6+ 52. Kg5 Ne4+ 53. Kh6 Nf6 54. Kg5 Ng8 55. Rf3 Rc5+ 56. Kg4 Nh6+ 57. Kg3 Rxa5 58. Rf6 Nf5+ 59. Kg4 Ne3+ 60. Kf3 Rf5+ 0-1